Countries with highest railway cargo - Statistics

General Stats
  • This quiz has been taken 63 times
  • The average score is 8 of 10
Answer Stats
Tons Answer % Correct
2.5trillion China
100%
2.2trillion Russia
100%
2.5trillion USA
98%
104.3billion Germany
96%
625.7billion India
93%
267.7billion Brazil
91%
352.5billion Canada
91%
237.7billion Ukraine
68%
113.3billion South Africa
60%
235.8billion Kazakhstan
44%
No matching quizzes found
Score Distribution
Percent of People with Each Score
Percentile by Number Answered
Your Score History
You have not taken this quiz